<?xml version="1.0" encoding="UTF-8"?>
<record
    xmlns:xsi="http://www.w3.org/2001/XMLSchema-instance"
    xsi:schemaLocation="http://www.loc.gov/MARC21/slim http://www.loc.gov/standards/marcxml/schema/MARC21slim.xsd"
    xmlns="http://www.loc.gov/MARC21/slim">

  <leader>01425nam a22002777a 4500</leader>
  <controlfield tag="005">20170124102928.0</controlfield>
  <datafield tag="010" ind1=" " ind2=" ">
    <subfield code="a">B-081572</subfield>
  </datafield>
  <datafield tag="020" ind1=" " ind2=" ">
    <subfield code="c">250.00</subfield>
  </datafield>
  <datafield tag="035" ind1=" " ind2=" ">
    <subfield code="a">B-081572</subfield>
  </datafield>
  <datafield tag="037" ind1=" " ind2=" ">
    <subfield code="b">Cen Lib/Ret</subfield>
  </datafield>
  <datafield tag="040" ind1=" " ind2=" ">
    <subfield code="a">DPL</subfield>
    <subfield code="b">HN</subfield>
  </datafield>
  <datafield tag="082" ind1=" " ind2=" ">
    <subfield code="a">370.71</subfield>
    <subfield code="b">&#x939;&#x94B;&#x921;&#x928; </subfield>
  </datafield>
  <datafield tag="100" ind1=" " ind2=" ">
    <subfield code="a">&#x939;&#x94B;&#x921;&#x928;&#x92B;&#x940;&#x932;&#x94D;&#x921;  ,&#x91C;&#x940;.&#x915;&#x947;.</subfield>
    <subfield code="9">44236</subfield>
  </datafield>
  <datafield tag="245" ind1=" " ind2=" ">
    <subfield code="a"> &#x905;&#x927;&#x94D;&#x92F;&#x93E;&#x92A;&#x915;&#x94B;&#x902; &#x915;&#x940; &#x936;&#x93F;&#x915;&#x94D;&#x937;&#x93E;  :</subfield>
    <subfield code="c">&#x91C;&#x940;.&#x915;&#x947;.&#x939;&#x94B;&#x921;&#x928;&#x92B;&#x940;&#x932;&#x94D;&#x921; [&#x90F;&#x935;&#x902; ] &#x91F;&#x940;.&#x90F;&#x92E;&#x94D;.&#x938;&#x940;&#x924;&#x94D;&#x928;&#x947;&#x91F; ;&#x905;&#x928;&#x941;&#x935;&#x93E;&#x926;&#x915; &#x906;&#x924;&#x94D;&#x92E;&#x93E;&#x928;&#x928;&#x94D;&#x926; &#x935;&#x93F;&#x926;&#x94D;&#x92F;&#x93E;&#x932;&#x902;&#x915;&#x930;</subfield>
    <subfield code="b">&#x92A;&#x930;&#x938;&#x94D;&#x92A;&#x930; &#x935;&#x93F;&#x930;&#x94B;&#x927; &#x914;&#x930; &#x90F;&#x915;&#x92E;&#x924;   /</subfield>
  </datafield>
  <datafield tag="246" ind1=" " ind2=" ">
    <subfield code="a">adhyapakon ki shiksha : parasper virodh or ekmat </subfield>
    <subfield code="b"> by G.K.Hodenfield evam T.M.Stinnett;anuvadak aatamanand vidyaalankar</subfield>
  </datafield>
  <datafield tag="260" ind1=" " ind2=" ">
    <subfield code="a"> &#x926;&#x93F;&#x932;&#x94D;&#x932;&#x940;</subfield>
    <subfield code="b">&#x906;&#x924;&#x94D;&#x92E;&#x93E;&#x930;&#x93E;&#x92E; &#x90F;&#x902;&#x921; &#x938;&#x902;&#x938; </subfield>
    <subfield code="c">2004</subfield>
  </datafield>
  <datafield tag="270" ind1=" " ind2=" ">
    <subfield code="a">&#x915;&#x936;&#x94D;&#x92E;&#x940;&#x930;&#x940; &#x917;&#x947;&#x91F; </subfield>
    <subfield code="b"> &#x926;&#x93F;&#x932;&#x94D;&#x932;&#x940;</subfield>
    <subfield code="e">110006</subfield>
  </datafield>
  <datafield tag="300" ind1=" " ind2=" ">
    <subfield code="a">213&#x92A;&#x943;&#x937;&#x94D;&#x920;. </subfield>
    <subfield code="c">21&#x938;&#x947;&#x92E;&#x940;(&#x938;&#x91C;&#x93F;&#x932;&#x94D;&#x926;)</subfield>
  </datafield>
  <datafield tag="650" ind1=" " ind2=" ">
    <subfield code="a">&#x936;&#x93F;&#x915;&#x94D;&#x937;&#x93E; </subfield>
    <subfield code="9">44237</subfield>
  </datafield>
  <datafield tag="650" ind1=" " ind2=" ">
    <subfield code="a">&#x936;&#x93F;&#x915;&#x94D;&#x937;&#x93E; &#x90F;&#x935;&#x902; &#x905;&#x927;&#x94D;&#x927;&#x94D;&#x92F;&#x93E;&#x92A;&#x928; </subfield>
    <subfield code="9">44238</subfield>
  </datafield>
  <datafield tag="650" ind1=" " ind2=" ">
    <subfield code="a">Education</subfield>
    <subfield code="9">1169</subfield>
  </datafield>
  <datafield tag="650" ind1=" " ind2=" ">
    <subfield code="a">Education and studies</subfield>
    <subfield code="9">44239</subfield>
  </datafield>
  <datafield tag="700" ind1=" " ind2=" ">
    <subfield code="a">&#x938;&#x940;&#x924;&#x94D;&#x928;&#x947;&#x91F;, &#x91F;&#x940;.&#x90F;&#x92E;&#x94D;.</subfield>
    <subfield code="9">44240</subfield>
  </datafield>
  <datafield tag="700" ind1=" " ind2=" ">
    <subfield code="a">&#x935;&#x93F;&#x926;&#x94D;&#x92F;&#x93E;&#x932;&#x902;&#x915;&#x930;, &#x906;&#x924;&#x94D;&#x92E;&#x93E;&#x928;&#x928;&#x94D;&#x926; </subfield>
    <subfield code="9">44241</subfield>
  </datafield>
  <datafield tag="942" ind1=" " ind2=" ">
    <subfield code="2">ddc</subfield>
    <subfield code="c">HN</subfield>
    <subfield code="h">370.71</subfield>
    <subfield code="m">&#x939;&#x94B;&#x921;&#x93C;&#x928; </subfield>
  </datafield>
  <datafield tag="999" ind1=" " ind2=" ">
    <subfield code="c">111724</subfield>
    <subfield code="d">111724</subfield>
  </datafield>
  <datafield tag="952" ind1=" " ind2=" ">
    <subfield code="0">0</subfield>
    <subfield code="1">0</subfield>
    <subfield code="4">0</subfield>
    <subfield code="7">1</subfield>
    <subfield code="8">REF</subfield>
    <subfield code="a">L</subfield>
    <subfield code="b">L</subfield>
    <subfield code="d">2015-08-05</subfield>
    <subfield code="e">Cen Lib/Ret</subfield>
    <subfield code="g">250.00</subfield>
    <subfield code="l">0</subfield>
    <subfield code="o">370.71 &#x939;&#x94B;&#x921;&#x928;</subfield>
    <subfield code="p">B-081572</subfield>
    <subfield code="r">2015-08-05 00:00:00</subfield>
    <subfield code="t">1</subfield>
    <subfield code="v">250.00</subfield>
    <subfield code="w">2015-08-05</subfield>
    <subfield code="y">HN</subfield>
  </datafield>
</record>
